| 000 | 00796 a2200241 4500 | ||
|---|---|---|---|
| 003 | OSt | ||
| 005 | 20260203112940.0 | ||
| 008 | 120615t xxu||||| |||| 00| 0 eng d | ||
| 020 | _a9781856695626 | ||
| 020 | _a185669562X | ||
| 040 | _c0 | ||
| 082 | _a720.922 | ||
| 100 |
_aLong, Kieran. _9133062 |
||
| 245 | 1 | 0 |
_aHatch : _bthe new architectural generation / _cKieran Long. |
| 260 |
_aLondon : _bLaurence King, _c2008. |
||
| 300 |
_a1 v. (various pagings) : _bcol. ill., maps ; _c25 cm. |
||
| 650 | 1 | 0 |
_aYoung architects. _9133063 |
| 650 | 1 | 0 |
_aArchitectural photography. _931766 |
| 650 | 1 | 0 |
_aArchitectural writing. _9133064 |
| 650 | 1 | 0 |
_aArchitecture, Modern _y21st century. _931948 |
| 942 |
_aSADA _cBK _k720.922 LON 2008 _2ddc |
||
| 999 |
_c353408 _d353408 |
||